[Event "Hastings Masters"]
[Site "Hastings, England"]
[Date "2015.01.04"
[Round "7.31"]
[White "Snape, Ian L"]
[WhiteElo "2162"]
[Black "Niccoli, Tony"]
[BlackElo "1996"]
[Result "1-0"]

1. c4 c5 2. Nf3 Nc6 3. Nc3 g6 4. g3 Bg7 5. Bg2 e6 6. d4 cxd4 7. Nb5 d5 8. cxd5
exd5 9. O-O Nge7 10. Nbxd4 O-O 11. Be3 Re8 12. Qd2 Nf5 13. Nxf5 Bxf5 14. Rfd1
Qf6 15. b3 Qxa1 16. Rxa1 Bxa1 17. h3 Rad8 18. Bg5 f6 19. Bh6 Be4 20. Qc1 Be5
21. Nxe5 Rxe5 22. f3 Bf5 23. g4 Be6 24. Qf4 Kf7 25. h4 Rd7 26. Qd2 d4 27. f4
Rc5 28. f5 gxf5 29. g5 fxg5 30. Qxg5 Ke8 31. Qf6 Re7 32. Bg5 Bd5 33. Qh8+ Kd7
34. Bxe7 Rc1+ 35. Kf2 Nxe7 36. Qxd4 Kc6 37. Qe3 1-0

[Event "Hastings Masters"]
[Site "Hastings, England"]
[Date "2015.01.04"
[Round "7.32"]
[White "Rayner, Francis"]
[WhiteElo "2148"]
[Black "Othman, Mustapha"]
[BlackElo "1973"]
[Result "1-0"]

1. e4 c5 2. Nf3 a6 3. c4 d6 4. d4 cxd4 5. Nxd4 Nf6 6. Nc3 e6 7. Be2 Be7 8. O-O
O-O 9. Be3 Qc7 10. Rc1 b6 11. Qd2 Bb7 12. f3 Nbd7 13. Rfd1 Rfd8 14. Bf1 Bf8 15.
Nd5 exd5 16. cxd5 Qb8 17. Nc6 Bxc6 18. dxc6 Nc5 19. b4 Ne6 20. Bc4 Qc7 21. Qf2
Rdb8 22. Bd5 b5 23. g4 a5 24. g5 Nh5 25. f4 axb4 26. f5 Nc5 27. g6 Kh8 28. Qh4
fxg6 29. fxg6 hxg6 30. Rf1 Nd3 31. Rf5 Ndf4 32. Bxf4 1-0

[Event "Hastings Masters"]
[Site "Hastings, England"]
[Date "2015.01.04"
[Round "7.33"]
[White "Hackner, Oskar A"]
[WhiteElo "2145"]
[Black "Slade, Theodore"]
[BlackElo "1869"]
[Result "1-0"]

1. d4 Nf6 2. c4 e6 3. Nc3 Bb4 4. f3 O-O 5. e4 d5 6. e5 Nfd7 7. a3 Bxc3+ 8. bxc3
dxc4 9. a4 c5 10. f4 Qa5 11. Ne2 Rd8 12. d5 f6 13. g3 fxe5 14. dxe6 Nf6 15. Qc2
Bxe6 16. fxe5 Bd5 17. exf6 Bxh1 18. Bg5 Nc6 19. f7+ Kxf7 20. Bxd8 Rxd8 21. Qxh7
Nd4 22. Kf2 Nb3 23. Qf5+ Kg8 24. Qe6+ Kh8 25. Ra2 Qb6 26. Qxc4 Qf6+ 27. Qf4
Qxf4+ 28. Nxf4 Rd2+ 29. Rxd2 Nxd2 30. Bd3 c4 31. Ke3 cxd3 32. Kxd2 a5 33. Nxd3
Bc6 34. Nb2 Kh7 35. Nc4 Bxa4 36. Nxa5 b5 37. Nc6 Kg6 38. Ke3 Kf5 39. h3 Ke6 40.
Kd4 Kd6 41. Ne5 Bb3 42. Nd3 Be6 43. Nf4 Bf5 44. g4 Bc2 45. Nh5 g6 46. Nf4 Bb1
47. Nd3 Bc2 48. Nc5 Bb1 49. Ne4+ Ke6 50. Nd2 Bc2 51. Kc5 Bd3 52. Nf3 Kf6 53.
Kd6 Be4 54. Nd2 Bd3 55. h4 Bc2 56. Nf3 Bd1 57. Ne5 Be2 58. Nd7+ Kg7 59. g5 Bf1
60. Ke7 Bd3 61. Nc5 Bc2 62. Ne6+ Kg8 63. Kf6 Bb1 64. Nf4 Kh7 65. Kf7 Ba2+ 66.
Ne6 Bb3 67. Kf6 Kg8 68. Nf4 Bc2 69. Nxg6 Bxg6 70. Kxg6 1-0

[Event "Hastings Masters"]
[Site "Hastings, England"]
[Date "2015.01.04"
[Round "7.34"]
[White "Kiefer, Daniel"]
[WhiteElo "2255"]
[Black "Roggensack, Hans Peter"]
[BlackElo "2010"]
[Result "1-0"]

1. Nf3 d5 2. g3 Nf6 3. Bg2 e6 4. O-O Be7 5. d4 O-O 6. c4 c6 7. Qc2 b6 8. Nbd2
Bb7 9. e4 dxe4 10. Nxe4 c5 11. Nxf6+ Bxf6 12. Ng5 1-0

[Event "Hastings Masters"]
[Site "Hastings, England"]
[Date "2015.01.04"
[Round "7.35"]
[White "Sugden, John N"]
[WhiteElo "2105"]
[Black "Pickersgill, Adrian O"]
[BlackElo "1994"]
[Result "1-0"]

1. e4 d6 2. d4 Nf6 3. Nc3 c6 4. Nf3 Bg4 5. Be2 e6 6. O-O Be7 7. h3 Bh5 8. Be3
d5 9. e5 Nfd7 10. Ne1 Bxe2 11. Nxe2 O-O 12. f4 g6 13. Nf3 c5 14. c3 Nc6 15. g4
cxd4 16. cxd4 Rc8 17. f5 exf5 18. gxf5 gxf5 19. Kh1 Kh8 20. Rg1 Rg8 21. Qd3 f6
22. Qxf5 Rxg1+ 23. Rxg1 Nf8 24. Bh6 Ng6 25. Nf4 Nxf4 26. Qxf4 Bf8 27. exf6 Qd7
28. f7 Qxh3+ 29. Nh2 Bxh6 30. Qf6+ Bg7 31. Qxg7# 1-0

[Event "Hastings Masters"]
[Site "Hastings, England"]
[Date "2015.01.04"
[Round "7.36"]
[White "Shepley, Julien M"]
[WhiteElo "1942"]
[Black "Wadsworth, Matthew J"]
[BlackElo "2064"]
[Result "1/2-1/2"]

1. e4 e6 2. d4 d5 3. Nd2 Be7 4. Bd3 c5 5. c3 cxd4 6. cxd4 dxe4 7. Bb5+ Bd7 8.
Bxd7+ Qxd7 9. Nxe4 Nf6 10. Nc3 Nc6 11. Nf3 O-O 12. O-O Rfd8 13. Be3 Qc7 14. Qe2
a6 15. h3 Rac8 16. Rfd1 Nd5 17. Bg5 Bxg5 18. Nxg5 Qe7 19. Nf3 Nf6 20. Rd2 Rd6
21. Rad1 Rcd8 22. Ne4 Nxe4 23. Qxe4 h6 24. Ne5 Nxe5 25. Qxe5 Rd5 26. Qe3 Qd6
27. Qb3 Qc7 28. Rd3 Qd7 29. Re1 e5 30. Rde3 Rb5 31. Qc2 Qxd4 32. b3 Rc5 33. Qf5
g6 34. Qf6 Re8 35. Re4 Qd2 36. R1e2 Qg5 37. Qb6 Rb5 38. Qc7 Qe7 39. Qc1 Kg7 40.
Rc4 Rd8 41. Qc3 Qf6 42. Rc7 Qf4 43. g3 Qd4 44. Qf3 Rd7 45. Rec2 Rbd5 46. Kg2
Qd3 47. Rxd7 Qxf3+ 48. Kxf3 Rxd7 49. Ke4 Kf6 50. f4 exf4 51. Kxf4 Rd3 52. Rg2
g5+ 53. Ke4 Rc3 54. Kd4 Rc1 55. Rf2+ Kg6 56. g4 Rc6 57. a4 Rf6 58. Rh2 Rf3 59.
b4 b6 60. Ra2 Rxh3 61. b5 a5 62. Rc2 Rg3 63. Rc6+ f6 64. Rxb6 Rxg4+ 65. Kc5 Rb4
66. Rd6 g4 67. b6 g3 68. Rd3 h5 69. Rxg3+ Kf5 70. Rc3 h4 71. Rc4 Rxc4+ 72. Kxc4
h3 73. b7 h2 74. b8=Q h1=Q 75. Qb5+ 1/2-1/2

[Event "Hastings Masters"]
[Site "Hastings, England"]
[Date "2015.01.04"
[Round "7.37"]
[White "Ramstad, Havard"]
[WhiteElo "2063"]
[Black "Willson, Ollie"]
[BlackElo "1874"]
[Result "0-1"]

1. d4 Nf6 2. c4 g6 3. Nc3 Bg7 4. e4 d6 5. Nf3 O-O 6. Be2 e5 7. O-O Nc6 8. d5
Ne7 9. b4 Nh5 10. Re1 Nf4 11. Bf1 f5 12. Bxf4 exf4 13. Rc1 fxe4 14. Nxe4 Nf5
15. Neg5 h6 16. Ne6 Bxe6 17. dxe6 g5 18. Qd5 c6 19. Qe4 d5 20. cxd5 cxd5 21.
Qc2 g4 22. Ne5 g3 23. Nf3 Rc8 24. Qxc8 gxf2+ 25. Kxf2 Qxc8 26. Rxc8 Rxc8 27.
Bb5 Bf6 28. Bd7 Rc2+ 29. Re2 Rxe2+ 30. Kxe2 Kf8 31. Kd3 Ke7 32. a4 b6 33. Ng1
Ng7 34. Nh3 Be5 35. Nf2 Nxe6 36. Bxe6 Kxe6 37. Ke2 a6 38. Kf3 Kf5 39. Nd3 Bd6
40. b5 axb5 41. axb5 h5 42. h4 d4 43. Nf2 Ke5 44. Ke2 Kd5 45. Kd3 Be7 46. Nh3
Ke5 47. Ng1 Bf6 48. Nf3+ Kd5 49. Ng1 Bxh4 50. Ne2 Bg5 51. Nxd4 Bf6 52. Nb3 Be5
53. Nc1 h4 54. Ne2 f3 55. gxf3 h3 56. f4 h2 57. Ng3 Bxf4 58. Nh1 Bg5 59. Ke2
Bh4 60. Kf3 Kc4 61. Kg2 Kxb5 0-1

[Event "Hastings Masters"]
[Site "Hastings, England"]
[Date "2015.01.04"
[Round "7.38"]
[White "Fleming, Andrew S J"]
[WhiteElo "1928"]
[Black "Gregory, Stephen J"]
[BlackElo "2056"]
[Result "0-1"]

1. Nf3 Nf6 2. g3 d6 3. Bg2 g6 4. d4 Bg7 5. O-O O-O 6. c4 Nbd7 7. Nc3 e5 8. e4
exd4 9. Nxd4 Re8 10. Re1 a6 11. h3 Rb8 12. Be3 h6 13. Qc2 c5 14. Nde2 b5 15.
cxb5 axb5 16. Rad1 b4 17. Na4 Qe7 18. Nf4 g5 19. Nd5 Nxd5 20. exd5 Ba6 21. b3
Qf6 22. Bc1 Ne5 23. Bb2 Nf3+ 24. Bxf3 Qxf3 25. Bxg7 Kxg7 26. Qd2 Be2 27. Rc1
Re5 28. Qb2 f6 29. Rc2 Rbe8 30. Nb6 Bd3 0-1

[Event "Hastings Masters"]
[Site "Hastings, England"]
[Date "2015.01.04"
[Round "7.39"]
[White "Larsen, Andreas"]
[WhiteElo "2010"]
[Black "Wettasinha, Vasanta"]
[BlackElo "1761"]
[Result "0-1"]

1. e4 c5 2. Nc3 g6 3. f4 Bg7 4. Nf3 Nc6 5. Bc4 e6 6. O-O Nge7 7. Qe1 O-O 8. d3
d5 9. Bb3 Na5 10. Qh4 Nxb3 11. axb3 Nc6 12. Qf2 Nd4 13. Ra4 Nxf3+ 14. Qxf3 b5
15. Nxb5 Bd7 16. Nc3 Bxa4 17. Nxa4 Rc8 18. Kh1 c4 19. bxc4 dxc4 20. f5 exf5 21.
exf5 Re8 22. dxc4 Qh4 23. b3 Re1 24. Bd2 Rxf1+ 25. Qxf1 Be5 26. g3 Qe4+ 27. Qg2
Qxc2 28. Bc3 Qxf5 29. Bxe5 Qxe5 30. Qb7 Rd8 31. Qf3 Qe1+ 32. Kg2 Rd2+ 33. Kh3
Qe6+ 34. g4 Qd6 35. Kh4 Rxh2+ 36. Kg5 h6# 0-1

[Event "Hastings Masters"]
[Site "Hastings, England"]
[Date "2015.01.04"
[Round "7.40"]
[White "Armstrong, Malcolm J"]
[WhiteElo "2086"]
[Black "Dennis, Nigel W"]
[BlackElo "1842"]
[Result "1-0"]

1. d4 Nf6 2. Nf3 g6 3. c4 Bg7 4. Nc3 O-O 5. e4 d6 6. Be2 e5 7. dxe5 dxe5 8.
Qxd8 Rxd8 9. Nd5 Nxd5 10. cxd5 f5 11. Bg5 Re8 12. Bc4 Kh8 13. O-O-O h6 14. Be3
f4 15. Bc5 b6 16. Ba3 Ba6 17. Nd2 Bxc4 18. Nxc4 Nd7 19. Kb1 a5 20. b3 b5 21.
Nd2 b4 22. Bb2 a4 23. Rc1 axb3 24. axb3 Ra7 25. Rc6 Nf6 26. Rhc1 Re7 27. f3 Kh7
28. Nc4 Nd7 29. Re6 Rf7 30. Nxe5 Nxe5 31. Bxe5 Bxe5 32. Rxe5 Ra3 33. Kb2 c5 34.
d6 c4 35. Rc5 1-0

[Event "Hastings Masters"]
[Site "Hastings, England"]
[Date "2015.01.04"
[Round "7.41"]
[White "Sikkel, Dirk"]
[WhiteElo "2010"]
[Black "Kyrkjebo, Hanna B."]
[BlackElo "1831"]
[Result "1-0"]

1. e4 e5 2. Nf3 Nc6 3. Bb5 a6 4. Bxc6 dxc6 5. O-O Bg4 6. h3 h5 7. d3 Qf6 8.
Nbd2 Bd6 9. Re1 Ne7 10. d4 Ng6 11. hxg4 hxg4 12. Nh2 Rxh2 13. Qxg4 Qh4 14. Qxh4
Rxh4 15. Nf3 Rh5 16. Be3 O-O-O 17. c3 Rdh8 18. Kf1 Nf4 19. Bxf4 exf4 20. Ke2 g5
21. Nd2 Rh2 22. Rg1 g4 23. e5 Be7 24. Ne4 Rxg2 25. Rxg2 f3+ 26. Ke3 fxg2 27.
Rg1 Rh2 28. Kf4 Kd7 29. Kxg4 Ke6 30. Kg3 Rh1 31. Rxg2 Kf5 32. Kf3 Rb1 33. b4
Ra1 34. Rg7 Ke6 35. Ke3 Re1+ 36. Kd3 Rd1+ 37. Kc2 Re1 38. f3 Rf1 39. Nd2 Rf2
40. Kd3 Bf8 41. Rh7 Rg2 42. a4 Rg1 43. Rh8 Be7 44. Rh6+ Kf5 45. Rh5+ Ke6 46. f4
Rg3+ 47. Kc2 Rg2 48. f5+ Kd7 49. f6 Bf8 50. Rh8 Ke8 51. Kd3 Rg6 52. Ne4 Rh6 53.
Rxh6 Bxh6 54. Nc5 b5 55. axb5 axb5 56. Na6 Kd7 57. Nb8+ Ke6 58. Nxc6 Kd7 59.
Na5 Bf8 60. d5 Bh6 61. Nc6 Bf4 62. Kd4 Bg3 63. Kc5 Be1 64. Kxb5 Bxc3 65. Kc4
Bb2 66. b5 Bc1 67. Kd4 Bd2 68. Ke4 Bc3 69. Kf5 Bb2 70. e6+ fxe6+ 71. dxe6+ Ke8
72. Ne5 Ba3 73. Ng6 Bc5 74. f7+ Kd8 75. f8=Q+ Bxf8 76. Nxf8 Ke7 77. Ng6+ 1-0

[Event "Hastings Masters"]
[Site "Hastings, England"]
[Date "2015.01.04"
[Round "7.42"]
[White "Wallis, Ian J"]
[WhiteElo "2009"]
[Black "Stonehouse, Tom H"]
[BlackElo "1798"]
[Result "1-0"]

1. e4 e5 2. Nf3 Nc6 3. Bb5 a6 4. Ba4 Nf6 5. d3 b5 6. Bb3 d6 7. O-O Be7 8. a4 b4
9. Nbd2 O-O 10. a5 Be6 11. Nc4 Bg4 12. h3 Bxf3 13. Qxf3 Nd4 14. Qd1 Nxb3 15.
cxb3 Nd7 16. d4 exd4 17. Qxd4 Bf6 18. Qd1 Nc5 19. Qc2 Qe7 20. f3 Bd4+ 21. Be3
Qf6 22. Rad1 Bxe3+ 23. Nxe3 c6 24. Nc4 Rfd8 25. Nxd6 Ne6 26. Qf2 Nf4 27. Nc4
Qg5 28. Kh2 Nd3 29. Qg3 Qxg3+ 30. Kxg3 Nc5 31. Nb6 Rab8 32. Rxd8+ Rxd8 33. Rc1
Nxb3 34. Rxc6 Nxa5 35. Rc7 g6 36. Nd5 Nb3 37. Kf4 Nd4 38. Ke5 Nb5 39. Rc6 Kg7
40. Rxa6 Re8+ 41. Kf4 b3 42. Rb6 Nd4 43. Ke3 Nc2+ 44. Kd2 Na1 45. Rb7 Ra8 46.
Kc3 Rc8+ 47. Rc7 Rb8 48. e5 Rd8 49. Kc4 Nc2 50. e6 Rf8 51. e7 Re8 52. Rd7 Rc8+
53. Nc7 Ne3+ 54. Kxb3 1-0

[Event "Hastings Masters"]
[Site "Hastings, England"]
[Date "2015.01.04"
[Round "7.43"]
[White "French, Max"]
[WhiteElo "1763"]
[Black "Fryer, David W"]
[BlackElo "2004"]
[Result "0-1"]

1. d4 d5 2. c4 e6 3. Nc3 Nf6 4. Bg5 Be7 5. Nf3 h6 6. Bh4 O-O 7. e3 Ne4 8. Bxe7
Qxe7 9. Qc2 Nxc3 10. Qxc3 b6 11. cxd5 exd5 12. Rc1 c6 13. Ne5 Bb7 14. Be2 c5
15. Bg4 cxd4 16. Qxd4 Re8 17. Nf3 Nc6 18. Qxd5 Qb4+ 19. Nd2 Qxg4 20. Rxc6 Bxc6
21. Qxc6 Rac8 22. h3 Rxe3+ 23. fxe3 Qg3+ 0-1

[Event "Hastings Masters"]
[Site "Hastings, England"]
[Date "2015.01.04"
[Round "7.44"]
[White "Boardman, Jeffrey"]
[WhiteElo "1999"]
[Black "Brewer, Callum D"]
[BlackElo "1793"]
[Result "0-1"]

1. e4 c6 2. d4 d5 3. exd5 cxd5 4. c4 Nf6 5. Nf3 Nc6 6. Nc3 Bg4 7. Bg5 e6 8. c5
Be7 9. b4 Ne4 10. Bd2 Bf6 11. Ne2 O-O 12. Rb1 Nxd4 13. Nexd4 Bxd4 14. Be2 Nxf2
15. Bg5 Nxd1 16. Bxd8 Bxf3 17. Rxd1 Bc3+ 18. Kf2 Bxe2 19. Kxe2 Raxd8 20. a3 d4
21. Kd3 e5 22. g4 f5 23. gxf5 Rxf5 24. Ke4 Rdf8 25. b5 Rf4+ 26. Kxe5 d3+ 27.
Kd6 Rd4+ 28. Kc7 Rf7+ 29. Kb8 Rd8+ 30. Kxa7 Bd4 31. Kb6 Rd6+ 32. Ka5 Bxc5 33.
Ka4 d2 34. Kb3 Rf3+ 35. Kc2 Rxa3 36. Rhf1 Ra4 37. Rb1 Rc4+ 38. Kd1 Ba3 39. Ke2
Rc1 40. Ra1 Rxf1 41. Rxf1 d1=Q+ 42. Rxd1 Rxd1 43. Kxd1 Kf7 44. Kc2 Ke6 45. Kd3
Kd5 46. Kc3 Kc5 47. Kb3 Bc1 48. Ka4 b6 49. h3 g5 50. Kb3 h5 51. Kc2 g4 52. hxg4
h4 53. g5 Bxg5 54. Kd3 h3 0-1

[Event "Hastings Masters"]
[Site "Hastings, England"]
[Date "2015.01.04"
[Round "7.45"]
[White "Da Ces, Philippe"]
[WhiteElo "1978"]
[Black "Higgs, Joshua"]
[BlackElo "1863"]
[Result "1/2-1/2"]

1. d4 Nf6 2. Nf3 e6 3. Bg5 Be7 4. e3 d5 5. Nbd2 Nbd7 6. Bd3 O-O 7. O-O c5 8. c3
b6 9. Ne5 Nxe5 10. dxe5 Nd7 11. Bxe7 Qxe7 12. f4 f6 13. exf6 Nxf6 14. Nf3 Bb7
15. Qe1 Nd7 16. Qg3 Rae8 17. Qh3 g6 18. Bb5 Rd8 19. Bxd7 Rxd7 20. Ne5 Rd6 21.
Rad1 Rfd8 22. Rfe1 Qf6 23. Qg3 d4 24. Nc4 R6d7 25. Ne5 Rd6 1/2-1/2

[Event "Hastings Masters"]
[Site "Hastings, England"]
[Date "2015.01.04"
[Round "7.46"]
[White "Akshay V Halagannavar"]
[WhiteElo "1881"]
[Black "Kyrkjebo, Marte B."]
[BlackElo "1598"]
[Result "1/2-1/2"]

1. e4 e5 2. Nf3 Nc6 3. d4 exd4 4. Bc4 Nf6 5. O-O Nxe4 6. Re1 d5 7. Bxd5 Qxd5 8.
Nc3 Qa5 9. Nxe4 Be6 10. Bd2 Qd5 11. Bg5 Be7 12. Bxe7 Nxe7 13. Nxd4 O-O-O 14. c3
Nc6 15. Nxe6 Qxe6 16. Qa4 Rhe8 17. f3 Qf5 18. b4 Kb8 19. Nc5 Qc8 20. Rxe8 Rxe8
21. Qb5 Ka8 22. a4 Re5 23. Qc4 Qe8 24. Ne4 f5 25. Ng3 Kb8 26. Kf2 g6 27. Rd1 b6
28. Qd3 Kc8 29. a5 Kb7 30. axb6 axb6 31. Ra1 Kc8 32. Ra8+ Nb8 33. f4 Re6 34.
Qa6+ Kd7 35. Qd3+ Kc8 36. Qa6+ Kd7 37. Qb7 Re1 38. Qd5+ Kc8 39. Qd3 Re6 1/2-1/2

[Event "Hastings Masters"]
[Site "Hastings, England"]
[Date "2015.01.04"
[Round "7.47"]
[White "McKenna, John R"]
[WhiteElo "1722"]
[Black "Denham, Colin"]
[BlackElo "1685"]
[Result "1-0"]

1. d4 Nf6 2. Bg5 d5 3. c4 dxc4 4. Nf3 Nbd7 5. e3 Nb6 6. Na3 e6 7. Nxc4 Bb4+ 8.
Ncd2 Be7 9. Qc2 Nfd5 10. Bxe7 Qxe7 11. a3 c6 12. Bd3 h6 13. Ne5 Nd7 14. Ndf3
Nxe5 15. Nxe5 Qd6 16. Rc1 Bd7 17. b4 a6 18. Bg6 Rf8 19. Bd3 Kd8 20. O-O Be8 21.
Rfd1 f6 22. Nc4 Qc7 23. e4 Nf4 24. Bf1 Bh5 25. Rd2 Rc8 26. g3 Bf3 27. e5 Nd5
28. Bh3 f5 29. Nd6 Rb8 30. Qc5 Qe7 31. Nxb7+ Rxb7 32. Qxc6 Rc7 33. Qa8+ Kd7 34.
Rxc7+ Kxc7 35. Rc2+ Kb6 36. Rc6+ 1-0

[Event "Hastings Masters"]
[Site "Hastings, England"]
[Date "2015.01.04"
[Round "7.48"]
[White "Evans, Helen I"]
[WhiteElo "1621"]
[Black "Dean, Michael J"]
[BlackElo "1574"]
[Result "1/2-1/2"]

1. e4 d5 2. exd5 Qxd5 3. Nc3 Qd6 4. Nf3 g6 5. d4 Bg7 6. Be3 Nf6 7. h3 O-O 8.
Bc4 a6 9. a4 b6 10. O-O Nc6 11. Qd2 Bb7 12. Be2 Rad8 13. Rfd1 Nb4 14. Ne5 Nfd5
15. Nxd5 Nxd5 16. c4 Nxe3 17. Qxe3 Bxe5 18. Qxe5 f6 19. Qe3 f5 1/2-1/2

[Event "Hastings Masters"]
[Site "Hastings, England"]
[Date "2015.01.04"
[Round "7.49"]
[White "Haegin, Thomas"]
[WhiteElo "1460"]
[Black "Macrae, James S"]
[BlackElo "1723"]
[Result "0-1"]

1. e4 Nc6 2. Nf3 d6 3. d4 Nf6 4. Nc3 a6 5. Be2 Bg4 6. d5 Ne5 7. Nxe5 Bxe2 8.
Qxe2 dxe5 9. f4 Qd6 10. O-O e6 11. dxe6 Qxe6 12. fxe5 Qxe5 13. Rf5 Bc5+ 14. Be3
Bxe3+ 15. Qxe3 Qe6 16. Rd1 O-O 17. Nd5 Nxd5 18. Rfxd5 h6 19. h3 b6 20. b3 Rfe8
21. R1d4 Re7 22. Qg3 Rae8 23. Rd8 Rxd8 24. Rxd8+ Kh7 25. e5 g6 26. Kf2 Kg7 27.
Ke3 Qxe5+ 28. Qxe5+ Rxe5+ 29. Kf2 Re7 30. Rb8 a5 31. a4 h5 32. Rd8 Kf6 33. Rd5
Ke6 34. Rd4 Rd7 35. Rd3 Rxd3 36. cxd3 Kd5 37. Ke3 h4 38. Kf4 Kd4 39. Kg5 Kxd3
0-1